000 00482cam a2200145 4500500
005 20251012032549.0
041 _afre
042 _adc
100 1 0 _aAvrane, Patrick
_eauthor
245 0 0 _aCatherine MULLER, L’énigme, une passion freudienne, éd. Erès, 2004, 183 pages.
260 _c2005.
500 _a8
786 0 _nSigila | 15 | 1 | 2005-06-20 | p. 229-230 | 1286-1715
856 4 1 _uhttps://shs.cairn.info/revue-sigila-2005-1-page-229?lang=fr&redirect-ssocas=7080
999 _c1547633
_d1547633